Hình tượng người phụ nữ trong sáng tác của Nguyễn Minh Châu sau năm 1975

Hành trình sáng tác của Nguyễn Minh Châu và những đổi mới tư duy nghệ thuật của nhà văn sau năm 1975; Những đặc điểm nổi bật của hình tượng người phụ nữ trong sáng tác của Nguyễn Minh Châu sau năm 1975...

Wedi'i Gadw mewn:
Manylion Llyfryddiaeth
Prif Awdur: Nguyễn Thị Thu Lan
Awduron Eraill: Phan Ngọc Thu T.S (Hướng dẫn)
Fformat: Llyfr
Cyhoeddwyd: Đà Nẵng Đại học Đà Nẵng 2012
Pynciau:
Tagiau: Ychwanegu Tag
Dim Tagiau, Byddwch y cyntaf i dagio'r cofnod hwn!
Thư viện lưu trữ: Mạng thư viện Đại học Đà Nẵng
LEADER 01718nam a2200325 4500
001 000017737
003 14163
005 20130830160806.0
008 130522s2012 sd
082 |a 895.922334  |b NG-L 
100 |a Nguyễn Thị Thu Lan 
245 |a Hình tượng người phụ nữ trong sáng tác của Nguyễn Minh Châu sau năm 1975  |c Nguyễn Thị Thu Lan ; Phan Ngọc Thu hướng dẫn.  |k Luận văn Thạc sĩ 
260 |a Đà Nẵng  |b Đại học Đà Nẵng  |c 2012 
300 |a 108 tr.  |c 29 cm.  |e Đĩa CD, tài liệu tóm tắt 
500 |a Luận văn thạc sĩ Khoa học xã hội và nhân văn. Chuyên ngành : Văn học Việt Nam. Mã số: 60.22.34. 
520 |a Hành trình sáng tác của Nguyễn Minh Châu và những đổi mới tư duy nghệ thuật của nhà văn sau năm 1975; Những đặc điểm nổi bật của hình tượng người phụ nữ trong sáng tác của Nguyễn Minh Châu sau năm 1975... 
600 1 4 |a Nguyễn Minh Châu  |d 1930-1989 
650 0 4 |a Văn học Việt Nam  |v Luận văn tốt nghiệp  |x Truyện ngắn 
653 |a Truyện ngắn  |a Nguyễn Minh Châu  |a Văn học Việt Nam 
700 |a Phan Ngọc Thu  |c T.S  |e Hướng dẫn 
OWN |a LSP 
AVA |a UDN50  |b LSP  |d 895.922334 NG-L  |e available  |t Error 5001 Not defined in file expand_doc_bib_avail.  |f 1  |g 0  |h N  |i 0  |k 1 
999 |a From the UDN01 
AVA |a UDN50  |b LSP  |d 895.922334 NG-L  |e available  |t Error 5001 Not defined in file expand_doc_bib_avail.  |f 1  |g 0  |h N  |i 0  |k 1 
TYP |a Monograph 
TYP |a Printed language 
980 |a Mạng thư viện Đại học Đà Nẵng